[Event "zonal 3.3 (w)"]
[Site "Yongchuan CHN"]
[Date "2003.07.21"]
[Round "9"]
[White "Xu Yuanyuan"]
[Black "Shen Yang"]
[Result "1-0"]
[WhiteElo "2347"]
[BlackElo "2113"]
[EventDate "2003.07.11"]
[PlyCount "69"]

1.d4 d5 2.Nf3 Nf6 3.c4 c6 4.Nc3 dxc4 5.a4 Bf5 6.e3 e6 7.Bxc4 Bb4 8.O-O 
Nbd7 9.Nh4 Bg4 10.f3 Bh5 11.g4 Bg6 12.e4 Nb6 13.Bb3 Nxe4 14.Nxg6 Nxc3 15.
bxc3 Bxc3 16.Nxh8 Qxd4+ 17.Qxd4 Bxd4+ 18.Be3 Bxe3+ 19.Kh1 Nd5 20.Rfe1 Bf4 
21.Re4 e5 22.Bxd5 cxd5 23.Rb4 Rb8 24.Rab1 b6 25.a5 Be3 26.axb6 axb6 27.Ra4
Rb7 28.Kg2 Ke7 29.Kf1 f6 30.Ke2 Bd4 31.Kd3 Rb8 32.Ra7+ Ke6 33.Nf7 Rf8 34.
f4 g6 35.Rf1 1-0

[Event "zonal 3.3 (w)"]
[Site "Yongchuan CHN"]
[Date "2003.07.21"]
[Round "9"]
[White "Zhao Xue"]
[Black "Huang Qian"]
[Result "0-1"]
[WhiteElo "2467"]
[BlackElo "2313"]
[EventDate "2003.07.11"]
[PlyCount "100"]

1.d4 Nf6 2.c4 g6 3.Nc3 Bg7 4.e4 d6 5.Nf3 O-O 6.Be2 e5 7.Be3 Nc6 8.d5 Ne7 
9.Nd2 Nd7 10.b4 f5 11.f3 Nf6 12.g4 c6 13.Rg1 Kh8 14.h4 fxg4 15.fxg4 cxd5 
16.cxd5 Nexd5 17.exd5 Nxd5 18.Nde4 Nxe3 19.Qd3 d5 20.Qxe3 dxe4 21.Qg3 Qd4 
22.Rd1 Qxb4 23.h5 e3 24.Qxe3 e4 25.Rg3 Be6 26.Rb1 Qxc3+ 27.Qxc3 Bxc3+ 28.
Rxc3 Rf7 29.a4 gxh5 30.gxh5 Rd8 31.Rb5 Kg7 32.Re5 Bd5 33.Rg3+ Kh6 34.a5 a6
35.Rc3 Rd6 36.Rc1 Bc6 37.Rec5 Rff6 38.Bc4 e3 39.Rc3 Bf3 40.Rxe3 Bxh5 41.
Bb3 Bf3 42.Rc7 Kg5 43.Rxh7 Kf4 44.Rc3 Rf5 45.Re7 Bc6 46.Rc4+ Kg5 47.Rg7+ 
Kf6 48.Rcg4 Re5+ 49.Kf2 Rd2+ 50.Kg3 Re3+ 0-1